USA States by First 3 Letters - Statistics

General Stats
  • This quiz has been taken 11,214 times
  • The average score is 38 of 50
Answer Stats
No. States % Correct
1 Alabama
95%
2 Alaska
95%
29 New Hampshire
95%
30 New Jersey
95%
31 New Mexico
95%
32 New York
95%
5 California
91%
33 North Carolina
89%
34 North Dakota
89%
40 South Carolina
88%
41 South Dakota
88%
9 Florida
87%
47 Washington
84%
24 Mississippi
82%
25 Missouri
82%
43 Texas
82%
3 Arizona
80%
11 Hawaii
80%
4 Arkansas
78%
10 Georgia
78%
6 Colorado
76%
19 Maine
75%
35 Ohio
74%
16 Kansas
73%
12 Idaho
72%
13 Illinois
72%
37 Oregon
72%
48 West Virginia
72%
50 Wyoming
72%
8 Delaware
71%
28 Nevada
71%
46 Virginia
71%
14 Indiana
70%
17 Kentucky
70%
26 Montana
70%
7 Connecticut
69%
21 Massachusetts
69%
22 Michigan
69%
15 Iowa
68%
45 Vermont
68%
18 Louisiana
67%
23 Minnesota
67%
38 Pennsylvania
67%
42 Tennessee
67%
44 Utah
67%
49 Wisconsin
67%
27 Nebraska
65%
20 Maryland
64%
39 Rhode Island
64%
36 Oklahoma
63%
No matching quizzes found
Score Distribution
Percent of People with Each Score
Percentile by Number Answered
Your Score History
You have not taken this quiz